<?xml version="1.0" encoding="utf-8"?>
<?xml-stylesheet type='text/xsl' href='./oai2.xsl'?>
<OAI-PMH xmlns="http://www.openarchives.org/OAI/2.0/" xmlns:xsi="http://www.w3.org/2001/XMLSchema-instance" xsi:schemaLocation="http://www.openarchives.org/OAI/2.0/ http://www.openarchives.org/OAI/2.0/OAI-PMH.xsd">
  <responseDate>2026-06-07T03:31:01Z</responseDate>
  <request verb="GetRecord" metadataPrefix="marcxml" identifier="record_kuniweb_591957">https://kulturerbe.niedersachsen.de/oai</request>
  <GetRecord>
    <record>
      <header>
        <identifier>record_kuniweb_591957</identifier>
        <datestamp>2025-08-28T09:38:22Z</datestamp>
        <setSpec>slg0111</setSpec>
        <setSpec>slg0217</setSpec>
        <setSpec>slg0243</setSpec>
      </header>
      <metadata>
        <marc:record xmlns:marc="http://www.loc.gov/MARC21/slim" xsi:schemaLocation="http://www.loc.gov/MARC21/slim http://www.loc.gov/standards/marcxml/schema/MARC21slim.xsd">
          <marc:leader>12345nkm  22     uu 4500</marc:leader>
          <marc:controlfield tag="001">591957</marc:controlfield>
          <marc:controlfield tag="003">http://kuniweb.gbv.de</marc:controlfield>
          <marc:controlfield tag="005">2020-08-24T13:40:55</marc:controlfield>
          <marc:controlfield tag="008">|           ||||||||||||||||||||||</marc:controlfield>
          <marc:datafield tag="245" ind1="1" ind2="0">
            <marc:subfield code="a">Schutzdach für die Aufzugswinden vom Rhumewehr bei Elvershausen, 1920</marc:subfield>
          </marc:datafield>
          <marc:datafield tag="655" ind1=" " ind2="7">
            <marc:subfield code="a">Grafik</marc:subfield>
          </marc:datafield>
          <marc:datafield tag="046" ind1=" " ind2=" ">
            <marc:subfield code="k">1920-10-19</marc:subfield>
            <marc:subfield code="k">19.10.1920</marc:subfield>
          </marc:datafield>
          <marc:datafield tag="260" ind1=" " ind2=" ">
            <marc:subfield code="g">1920-10-19</marc:subfield>
            <marc:subfield code="g">19.10.1920</marc:subfield>
          </marc:datafield>
          <marc:datafield tag="520" ind1=" " ind2=" ">
            <marc:subfield code="a">Zeichnung – schwarz-weiß      
Herstellungsort – Königshütte, Bad Lauterberg

Auftraggeber und Standort:  
Rhumemühlen-Genossenschaft für das Wehr an der Rhumemühle bei Elvershausen.

Information:
Die Zeichnung ist auch als Blaupause vorhanden.

Anmerkung:
Die 1883 von 16 Holzhändlern gegründete „Offene Handelsgesellschaft Rhumemühle Elvershausen“ schaffte nach der Jahrhundertwende eine Turbine mit Generator zur Stromerzeugung an. Dafür wurde das Wasser des Mühlgrabens genutzt. Nach dem Bau der Freileitungen wurde das ganze Dorf 1910 an das Stromnetz angeschossen.
Die Firma 'Rhume Mühle Elvershausen Wilhelm Sander und Genossen in Elvershausen' war im Handelsregister beim Amtsgericht Göttingen unter der Nummer HRA 237 registriert.
u.a. aus: 
Wussten Sie schon: Strom aus Wasserkraft hat in ...
regiowiki.hna.de/Wussten_Sie_schon:_Strom_aus_Wasserkraft_hat_in_...







 (Förderkreis Königshütte Bad Lauterberg e.V.)

Maßstab: 1 zu 3</marc:subfield>
          </marc:datafield>
          <marc:datafield tag="650" ind1="1" ind2=" ">
            <marc:subfield code="a">Wehr</marc:subfield>
          </marc:datafield>
          <marc:datafield tag="650" ind1="1" ind2=" ">
            <marc:subfield code="a">Wassernutzung</marc:subfield>
          </marc:datafield>
          <marc:datafield tag="650" ind1="1" ind2=" ">
            <marc:subfield code="a">Grafik, Fotografie &gt; Zeichnung</marc:subfield>
          </marc:datafield>
          <marc:datafield tag="650" ind1="1" ind2=" ">
            <marc:subfield code="a">Öffentlichkeit und Gemeinwesen</marc:subfield>
          </marc:datafield>
          <marc:datafield tag="650" ind1="1" ind2=" ">
            <marc:subfield code="a">Elvershausen (Katlenburg-Lindau, Northeim, Niedersachsen)</marc:subfield>
          </marc:datafield>
          <marc:datafield tag="773" ind1="0" ind2=" ">
            <marc:subfield code="t">Mühlen-, Gips- und sonstige Anlagen</marc:subfield>
          </marc:datafield>
          <marc:datafield tag="773" ind1="0" ind2=" ">
            <marc:subfield code="t">Maschinenelemente, Zubehör und Werkzeuge</marc:subfield>
          </marc:datafield>
          <marc:datafield tag="773" ind1="0" ind2=" ">
            <marc:subfield code="t">Wasserbauanlagen</marc:subfield>
          </marc:datafield>
          <marc:datafield tag="852" ind1=" " ind2=" ">
            <marc:subfield code="a">Industriedenkmal Königshütte Bad Lauterberg im Harz</marc:subfield>
          </marc:datafield>
          <marc:datafield tag="" ind1=" " ind2=" ">
            <marc:subfield code="a">Namensnennung - Nicht kommerziell - Keine Bearbeitungen 4.0 International (CC BY-NC-ND 4.0)</marc:subfield>
          </marc:datafield>
        </marc:record>
      </metadata>
    </record>
  </GetRecord>
</OAI-PMH>
